000 00564nam a2200193Ia 4500
003 GCL
008 140319s9999 xx 000 0 eng d
020 _a0815753136
040 _aGCL /
_cGCL
082 0 4 _a338.972
_bL M
100 1 _aLUSTIG, NORA
245 1 0 _aMEXICO :
_bTHE REMAKING OF AN ECONOMY /
_cLUSTIG, NORA
260 _aنيويورك :
_bTHE BROOKINGS INSTITUTION ،
_c1992
300 _a23 CM ؛
_cXV111, 186 P
650 0 4 _aMEXICO
650 0 4 _aMEXICO - ECONOMIC POLICY - 1970
650 0 4 _aMEXICO - ECONOMIC CONDITIONS - 1982
942 _2ddc
_cBK
999 _c4676
_d4676